000 00671nam a2200205 i 4500
001 177176
003 ES-MaACL
005 20230906220254.0
008 110307s1967 sp |||| | spa d
080 _a821.134.2-312.2"19"
100 1 _aGarcía Viñó, M.
_955416
245 1 3 _aEl pedestal /
_cM. García Viñó.
260 _a[Madrid :
_bAlfaguara],
_c1967.
300 _a131 p. ;
_c17 cm.
490 1 _aLa novela popular. Contemporánea, inédita, española ;
_v51
830 0 _aLa novela popular. Contemporánea, inédita, española ;
_v51
_9188024
852 _aES-MaACL
_jE-14597
_xOlim P-213-Ter
852 _aES-MaACL
_jP-409-34
999 _c177176
_d177176